000 00940nam a2200229Ia 4500
001 9093
003 GE_BSU
008 181216s||||||||xx |||||||||||||| ||und||
040 _cGE_BSU
080 _a821.353.1-1-7
100 _aლებანიძე,გიორგი
245 _aისე,როგორც ზღაპარში
245 _bფელეტონები და იუმორისტული მოთხრობები
245 _cწინასიტყვ:კარლო კალაძე;რედ:ნ.შველიძე;მხატვ:ა.თოდრია
260 _aთბილისი.
260 _bმერანი.
260 _c1975
300 _a155გვ;16სმ.
653 _aისე,როგორც ზღაპარში
653 _aფელეტონები და იუმორისტული მოთხრობები
942 _cBK
999 _c42397
_d42397